[A. M. Kaledin, héroe... y caudillo del Don / (Record no. 94153)

MARC details
000 -LEADER
campo de control de longitud fija 00508nam a2200169 i 4500
001 - NÚMERO DE CONTROL
campo de control 94153
003 - IDENTIFICADOR DE NÚMERO DE CONTROL
campo de control ES-MaACL
005 - FECHA Y HORA DE LA ÚLTIMA TRANSACCIÓN
campo de control 20230906181420.0
007 - CAMPO FIJO DE DESCRIPCIÓN FÍSICA--INFORMACIÓN GENERAL
campo de control de longitud fija t|
008 - DATOS DE LONGITUD FIJA--INFORMACIÓN GENERAL
campo de control de longitud fija 050628s1968 sp ||||1| spa d
100 1# - ENTRADA PRINCIPAL--NOMBRE DE PERSONA
Nombre de persona Melnikov, N. M.
9 (RLIN) 80009
245 10 - MENCIÓN DEL TÍTULO
Título [A. M. Kaledin, héroe... y caudillo del Don /
Mención de responsabilidad, etc. N. M. Melnikov].
260 ## - PUBLICACIÓN, DISTRIBUCIÓN, ETC.
Lugar de publicación, distribución, etc. [Madrid :
Nombre del editor, distribuidor, etc. s.n.,
Fecha de publicación, distribución, etc. 1968] (
Fabricante Imp. G. Sèz)
300 ## - DESCRIPCIÓN FÍSICA
Extensión 374 p., 14 lám. ;
Dimensiones 21 cm.
500 ## - NOTA GENERAL
Nota general Texto en carácteres cirílicos.
852 ## - LOCALIZACIÓN
Ubicación ES-MaACL
Número de control de estantería C-50480
Sublocalización o colección R.66007
Holdings
Estatus retirado Estado de pérdida Estado de daño No para préstamo Biblioteca de origen Biblioteca actual Ubicación en estantería Fecha de adquisición Fuente de adquisición Total de préstamos Signatura topográfica completa Código de barras Visto por última vez Precio de reemplazo Tipo de ítem Koha
        Biblioteca del Ateneo de Madrid Biblioteca del Ateneo de Madrid Depósito 2 17/01/2008     C-50480 1098339 23/02/2023 23/02/2023 Libro impreso